International journal of strategic property management research journal of Vilnius Gediminas Technical University, Lithuanian Academy of Sciences, Napier University.

Detalles Bibliográficos
Título anterior:Property management (Vilnius, Lithuania)
Autores Corporativos: Vilniaus Gedimino technikos universitetas, Lietuvos Mokslų akademija, Napier University
Formato: Electrónico Revista
Lenguaje:inglés
Publicado: Vilnius : Technika
Materias:
Acceso en línea:Full text available from Research Library: 03/01/2004 to present

MARC

LEADER 00000nas a2200000 a 4500
001 ssj0047298
003 WaSeSS
005 20200512172242.0
006 m d
007 cr n
008 060821c20039999li qr p s 0 a0eng
010 |a  2006206542 
022 |l 1648-715X  |y 1648-715X 
035 |a (WaSeSS)ssj0047298 
040 |a DLC  |b eng  |c DLC  |d DLC  |d OCLCQ  |d CUS  |d OCLCQ  |d TXA  |d OCLCQ  |d OCLCF  |d OCLCO  |d RDF  |d CUS  |d DLC  |d WaSeSS 
041 0 |a eng  |b lit 
042 |a pcc 
050 0 0 |a HD1361  |b .R428 
245 0 0 |a International journal of strategic property management  |h [electronic resource] :  |b research journal of Vilnius Gediminas Technical University, Lithuanian Academy of Sciences, Napier University. 
260 |a Vilnius :  |b Technika 
310 |a Quarterly 
362 1 |a Began with vol. 7, no. 1 (2003). 
506 |a License restrictions may limit access. 
546 |a In English with summaries in Lithuanian. 
588 |a Description based on: Vol. 10, no. 2 (June 2006). 
650 0 |a Real estate business  |v Periodicals. 
650 0 |a Real estate management  |v Periodicals. 
650 7 |a Real estate business.  |2 fast  |0 (OCoLC)fst01090898 
650 7 |a Real estate management.  |2 fast  |0 (OCoLC)fst01091069 
655 0 |a Electronic journals. 
710 2 |a Vilniaus Gedimino technikos universitetas. 
710 2 |a Lietuvos Mokslų akademija. 
710 2 |a Napier University. 
780 0 0 |t Property management (Vilnius, Lithuania)  |x 1648-0635  |w (DLC) 2002205824  |w (OCoLC)50029712 
850 |a DLC 
856 4 0 |z Full text available from Research Library: 03/01/2004 to present  |u https://search.proquest.com/publication/27565